00472 2200169 4500001002100000008004100021035002000062245007200082100002000154260003800174300001300212020002200225084001400247082000800261650001400269990001900283INLIS000000000003143 ind  a0010-0724003143 aReliabillitas Dan ValiditasbEdisi 4cHaitamy el Jaid & Agha Mumtaz aSaifuddin Anwar aYogyakartabPustaka Pelajarc2015 a181 hlm. a978-602-229-113-8 a370 SAI r a370 aNon Fiksi aP29/CP/24/3143